Números del 1 al 100 en 30 segundos - Estadísticas

Estadísticas generales
  • Esta prueba ha sido intentada 3.223 veces
  • La puntuación promedio es 39 de 100
Estadísticas de respuestas
Número % Correcto
1
100%
2
98%
3
97%
4
96%
5
96%
6
95%
7
93%
8
93%
9
92%
10
89%
11
87%
12
85%
13
85%
14
84%
15
84%
16
82%
17
81%
18
80%
19
80%
20
78%
21
77%
22
76%
23
75%
24
75%
25
73%
26
73%
27
72%
28
72%
29
71%
30
68%
31
67%
32
65%
33
63%
34
62%
35
61%
36
60%
37
59%
38
58%
39
57%
40
53%
41
49%
42
47%
43
46%
44
43%
45
41%
46
40%
47
40%
48
38%
49
36%
50
34%
51
28%
52
27%
53
27%
54
25%
55
23%
56
20%
57
19%
58
19%
59
18%
60
16%
61
13%
62
12%
63
12%
64
10%
65
9%
66
8%
67
7%
68
6%
69
5%
70
4%
71
4%
72
3%
73
3%
74
2%
75
2%
76
2%
77
2%
78
1%
79
1%
80
1%
100
0%
81
0%
82
0%
83
0%
84
0%
85
0%
86
0%
87
0%
88
0%
89
0%
90
0%
91
0%
92
0%
93
0%
94
0%
95
0%
96
0%
97
0%
98
0%
99
0%
No se encontraron pruebas coincidentes
Distribución de puntuación
Porcentaje de gente con cada puntuación
Porcentaje por número respondido
Historial de tus puntuaciones
No has intentado esta prueba.